Vereine der 2. Bundesliga 20/21 - Statistiken

Allgemein
  • Dieses Quiz wurde 144 mal gespielt
  • Das Durchschnittsergebnis liegt bei 14 aus 18
Antwortstatistiken
Antwort % Korrekt
Hamburger SV
99%
SpVgg Greuther Fürth
91%
Holstein Kiel
90%
Hannover 96
88%
1.FC Nürnberg
87%
FC St. Pauli
87%
VfL Bochum
87%
SV Sandhausen
82%
1.FC Heidenheim
80%
Fortuna Düsseldorf
79%
Eintracht Braunschweig
77%
SV Darmstadt 98
75%
Karlsruher SC
72%
SSV Jahn Regensburg
72%
SC Paderborn 07
71%
FC Erzgebirge Aue
68%
VfL Osnabrück
65%
Würzburger Kickers
64%
Keine übereinstimmenden Quizze gefunden
Verteilung der Resultate
Anzahl Personen mit jedem Resultat
Perzentil nach korrekt beantworteten Fragen
Ihre Resultats-Entwicklung
Sie haben dieses Quiz noch nicht gespielt